书目信息 |
| 题名: |
改变孩子一生的一件小事
|
|
| 作者: | 卞庆奎 著 | |
| 分册: | ||
| 出版信息: | 北京 中国青年出版社 2005.01 |
|
| 页数: | 222页 | |
| 开本: | 20cm | |
| 丛书名: | ||
| 单 册: | ||
| 中图分类: | G775-49 | |
| 科图分类: | ||
| 主题词: | 教育--类型 | |
| 电子资源: | ||
| ISBN: | 7-5006-5963-6 | |
| 000 | 00575nam0 2200193 450 | |
| 001 | 0552325677 | |
| 005 | 20050617165109.21 | |
| 010 | @a7-5006-5963-6@dCNY 20.00 | |
| 100 | @a20050608d2005 km y0chiy0120 ea | |
| 101 | 0 | @achi |
| 102 | @aCN@b110000 | |
| 200 | 1 | @a改变孩子一生的一件小事@Agai bian hai zi yi sheng de yi jian xiao shi@f卞庆奎著@Fbian qing kui zhu |
| 210 | @a北京@c中国青年出版社@d2005.01 | |
| 215 | @a222页@d20cm | |
| 606 | 0 | @a教育@x类型 |
| 690 | @aG775-49@v4 | |
| 701 | 0 | @a卞庆奎@Abian qing kui@4著 |
| 801 | 0 | @aCN@bPFT@c20050617 |
| 905 | @a10447@dG775-49@eB798 | |
| 改变孩子一生的一件小事/卞庆奎著.-北京:中国青年出版社,2005.01 |
| 222页;20cm |
| ISBN 7-5006-5963-6:CNY 20.00 |
| ● |
| 相关链接 |
|
|
|
正题名:改变孩子一生的一件小事
索取号:G775-49/B798
 
预约/预借
| 序号 | 登录号 | 条形码 | 馆藏地/架位号 | 状态 | 备注 |
| 1 | 536402 | 205364023 | 社科二线422/409社科库 16排4列2层/ [索取号:G775-49/B798] | 在馆 | |
| 2 | 536403 | 205364032 | 社科库409/409社科库 16排4列2层/ [索取号:G775-49/B798] | 在馆 | |
| 3 | 536404 | 205364041 | 社科库409/409社科库 16排4列2层/ [索取号:G775-49/B798] | 在馆 | |
| 4 | 536405 | 205364050 | 社科库409/409社科库 16排4列2层/ [索取号:G775-49/B798] | 在馆 | |
| 5 | 536406 | 205364069 | 社科库409/409社科库 16排4列2层/ [索取号:G775-49/B798] | 在馆 |